Zhodnotenie zahraničnej zadlženosti Slovenskej republiky a plnenia dlhovej služby v roku 1998
Vývoj zahraničného dlhu SR v roku 1998. Plnenie zahraničnej dlhovej služby SR prostredníctvom Národnej banky Slovenska v roku 1998. Vykazovanie zahraničného dlhu SR a zahraničný dlh komerčného sektora. Predikcia zahraničnej dlhovej služby na rok 1999. Porovnanie vývoja hrubého zahraničného dlhu s vý...
Salvato in:
| Autore principale: | |
|---|---|
| Natura: | Capitolo di libro |
| Lingua: | slovacco |
| Soggetti: | |
| Tags: |
Nessun Tag, puoi essere il primo ad aggiungerne!!
|
MARC
| LEADER | 00000naa a2200000 4500 | ||
|---|---|---|---|
| 001 | r035351 | ||
| 005 | 20230824101230.8 | ||
| 041 | 0 | |a slo | |
| 044 | |a SK | ||
| 245 | 1 | 0 | |a Zhodnotenie zahraničnej zadlženosti Slovenskej republiky a plnenia dlhovej služby v roku 1998 |c Pavol Kyjac |
| 520 | |a Vývoj zahraničného dlhu SR v roku 1998. Plnenie zahraničnej dlhovej služby SR prostredníctvom Národnej banky Slovenska v roku 1998. Vykazovanie zahraničného dlhu SR a zahraničný dlh komerčného sektora. Predikcia zahraničnej dlhovej služby na rok 1999. Porovnanie vývoja hrubého zahraničného dlhu s vývojom zahraničných aktív v období rokov 1993-98. | ||
| 610 | 2 | 0 | |a zadlženosť zahraničná |
| 610 | 2 | 0 | |a úver zahraničný |
| 610 | 2 | 0 | |a dlhy štátne |
| 610 | 2 | 0 | |a Slovensko |
| 610 | 2 | 0 | |a 1998 |
| 610 | 2 | 0 | |a aktíva |
| 610 | 2 | 0 | |a pasíva |
| 100 | 1 | |a Kyjac, Pavol | |